Latin conjugaison LEGERE actif - Statistiques

Statistiques générales
  • Ce quiz a été pris 144 fois
  • Le résultat moyen est 40 sur 79
Statistiques - réponses
Hint Réponse % Correct
INDICATIF PRESENT P1 lego
99%
P2 legis
94%
P4 legimus
93%
P3 legit
93%
P5 legitis
93%
P6 legunt
90%
INDICATIF IMPARFAIT P1 legebam
82%
P2 legebas
82%
P3 legebat
82%
P4 legebamus
81%
P5 legebatis
81%
P6 legebant
78%
INDICATIF PARFAIT P1 legi
67%
P4 legimus
64%
P3 legit
64%
P2 legisti
63%
P5 legistis
63%
P6 legerunt / legere
60%
INDICATIF FUTUR P1 legam
57%
P4 legemus
56%
P2 leges
56%
P3 leget
56%
P5 legetis
56%
P6 legent
54%
INDICATIF PLUS-QUE-PARFAIT P1 legeram
53%
P4 legeramus
51%
P6 legerant
51%
P2 legeras
51%
P3 legerat
51%
P5 legeratis
51%
SUBJONCTIF PRESENT P1 legam
50%
P4 legamus
50%
P6 legant
50%
P2 legas
50%
P3 legat
50%
P5 legatis
50%
INFINITIF legere
50%
IMPERATIF PRESENT P2 lege
47%
P4 legerimus
47%
P6 legerint
47%
P2 legeris
47%
P3 legerit
47%
P5 legeritis
47%
INDICATIF FUTUR ANTERIEUR P1 legero
47%
SUBJONCTIF IMPARFAIT P1 legerem
46%
P4 legeremus
46%
P6 legerent
46%
P2 legeres
46%
P3 legeret
46%
P5 legeretis
46%
SUPIN lectum
44%
PARTICIPE PRESENT (=lisant) legens
42%
P5 legite
42%
legens
39%
SUBJONCTIF PLUS-QUE-PARFAIT P1 legissem
39%
P2 legisses
39%
P4 legissemus
38%
P6 legissent
38%
P3 legisset
38%
P5 legissetis
38%
IMPERATIF FUTUR P2 legito
38%
SUBJONCTIF PARFAIT P1 legerim
36%
P4 legerimus
36%
P6 legerint
36%
P2 legeris
36%
P3 legerit
36%
P5 legeritis
36%
P5 legitote
35%
INFINITIF PARFAIT (=avoir lu) legisse
32%
legentem
31%
legentis
29%
legens
28%
legendi
26%
legendo
26%
legendo
26%
GERONDIF (ad) legendum
25%
PARTICIPE FUTUR (=sur le point de lire) lecturus, a, um
25%
INFINITIF FUTUR (=être sur le point de lire) lecturum, am, um esse
19%
lecturos, as, a esse
17%
Aucun quiz correspondant
Distribution des résultats
% des personnes avec chaque résultat
Percentile par nombre de réponses
Votre historique - résultats
Vous n’avez pas pris ce quiz